राजेंद्र बनहट्टी (Record no. 431110)

MARC details
000 -LEADER
fixed length control field 00559nam a2200157Ia 4500
008 - FIXED-LENGTH DATA ELEMENTS--GENERAL INFORMATION
fixed length control field 100122s9999 xx 000 0 und d
082 ## - DEWEY DECIMAL CLASSIFICATION NUMBER
Item number 54232
Classification number 823.08
100 ## - MAIN ENTRY--PERSONAL NAME
Personal name बनहट्टी राजेंद्र
245 ## - TITLE STATEMENT
Title राजेंद्र बनहट्टी
260 ## - PUBLICATION, DISTRIBUTION, ETC. (IMPRINT)
Name of publisher, distributor, etc मॅजेस्टिक प्रकाशन
Date of publication, distribution, etc 1998
300 ## - PHYSICAL DESCRIPTION
Extent 171
630 ## - SUBJECT ADDED ENTRY--UNIFORM TITLE
Uniform title राजेंद्र बनहट्टी
700 ## - ADDED ENTRY--PERSONAL NAME
Personal name शिधये श्रीराम
730 ## - ADDED ENTRY--UNIFORM TITLE
Uniform title राजेंद्र बनहट्टी
942 ## - ADDED ENTRY ELEMENTS (KOHA)
Koha item type Book
Holdings
Withdrawn status Lost status Damaged status Not for loan Home library Current library Date acquired Cost, normal purchase price Total Checkouts Full call number Barcode Date last seen Cost, replacement price Price effective from Koha item type Public note
        S.V. Pathak Library, Vile Parle S.V. Pathak Library, Vile Parle 03/20/1998 120.00   54232 SVPPARLE-54232 01/25/2010 120.00 01/25/2010 Book General NA